Chiến tranh thế giới lần thứ hai và vận mệnh nhân dân á Phi

Shranjeno v:
Bibliografske podrobnosti
Glavni avtor: Dmitri Ephimov
Format: Knjiga
Jezik:Undetermined
Izdano: Mowcow Novosti 1985
Teme:
Oznake: Označite
Brez oznak, prvi označite!
Thư viện lưu trữ: Trung tâm Học liệu Trường Đại học Cần Thơ
LEADER 00572nam a2200169Ia 4500
001 CTU_10714
008 210402s9999 xx 000 0 und d
082 |a 940.53 
082 |b E63 
100 |a Dmitri Ephimov 
245 0 |a Chiến tranh thế giới lần thứ hai và vận mệnh nhân dân á Phi 
245 0 |c Dmitri Ephimov; Dịch giả: Nguyễn Anh Hùng 
260 |a Mowcow 
260 |b Novosti 
260 |c 1985 
650 |a africa - history - 1939-1945,world war, 1939-1945 
980 |a Trung tâm Học liệu Trường Đại học Cần Thơ